Numéros 9 des clubs de Premier League (2025-2026) - Statistiques

Statistiques générales
  • Ce quiz a été pris 101 fois
  • Le résultat moyen est 7 sur 19
Statistiques - réponses
Club Joueur Nationalité % Correct
Arsenal Gabriel Jesus Brésilien
94%
Manchester City Erling Haaland Norvégien
87%
Liverpool Alexander Isak Suédois
82%
Tottenham Richarlison Brésilien
74%
Chelsea Liam Delap Anglais
60%
Newcastle Yoane Wissa Congolais
52%
Bournemouth Evanilson Brésilien
40%
Brentford Igor Thiago Brésilien
40%
Wolverhampton Jørgen Strand Larsen Norvégien
32%
Everton Beto Bissau-Guinéen
29%
Nottingham Forest Taiwo Awoniyi Nigérian
24%
Burnley Lyle Foster Sud-Africain
18%
Fulham Rodrigo Muniz Brésilien
16%
Leeds United Dominic Calvert-Lewin Anglais
13%
Crystal Palace Eddie Nketiah Anglais
13%
West Ham United Callum Wilson Anglais
11%
Aston Villa Harvey Eliott Anglais
5%
Brighton Stefanos Tzimas Grec
1%
Sunderland Brian Bobbey Néerlandais
0%
Aucun quiz correspondant
Distribution des résultats
% des personnes avec chaque résultat
Percentile par nombre de réponses
Votre historique - résultats
Vous n’avez pas pris ce quiz